Essentials of negotiation/ (Record no. 363855)
[ view plain ]
| 000 -LEADER | |
|---|---|
| fixed length control field | 00417nam a2200133Ia 4500 |
| 008 - FIXED-LENGTH DATA ELEMENTS--GENERAL INFORMATION | |
| fixed length control field | 200626s9999 xx 000 0 und d |
| 020 ## - INTERNATIONAL STANDARD BOOK NUMBER | |
| International Standard Book Number | 978-007-126773-1 |
| 100 ## - MAIN ENTRY--PERSONAL NAME | |
| Personal name | Lewicki, Roy J. |
| 245 ## - TITLE STATEMENT | |
| Statement of responsibility, etc | Roy J. Lewicki, David M. Saunders, Bruce Barry.-- |
| Title | Essentials of negotiation/ |
| 250 ## - EDITION STATEMENT | |
| Edition statement | 5th ed. |
| 260 ## - PUBLICATION, DISTRIBUTION, ETC. (IMPRINT) | |
| Place of publication, distribution, etc | New York: |
| Name of publisher, distributor, etc | McGrawHill |
| Date of publication, distribution, etc | 2011 |
| 300 ## - PHYSICAL DESCRIPTION | |
| Extent | xiv, 290 pages |
| 500 ## - GENERAL NOTE | |
| General note | Includes Bibliography, and Index |
| Withdrawn status | Lost status | Source of classification or shelving scheme | Damaged status | Home library | Current library | Shelving location | Date acquired | Source of acquisition | Total Checkouts | Full call number | Barcode | Date last seen | Price effective from | Koha item type |
|---|---|---|---|---|---|---|---|---|---|---|---|---|---|---|
| Library of Congress Classification | Southville International School Affiliated with Foreign Universities Library | Southville International School Affiliated with Foreign Universities Library | Southville Foreign University Section | 06/27/2020 | Donation | HD 58.6 L671 2011 | SFU1238 | 06/27/2020 | 06/27/2020 | Books |